| 000 | 00765nam a2200253 i 4500 | ||
|---|---|---|---|
| 001 | 81598 | ||
| 003 | ES-MaACL | ||
| 005 | 20230906174454.0 | ||
| 007 | t| | ||
| 008 | 041105s1963 sp ||||1| spa d | ||
| 080 | _a366(091) | ||
| 100 | 1 |
_aHutin, Serge. _964842 |
|
| 245 | 1 | 0 |
_aHistoria mundial de las sociedades secretas / _cSerge Hutin ; [versión española de Eduardo Bittini]. |
| 250 | _a1ª ed. | ||
| 260 |
_aBarcelona : _bLuis de Caralt, _c1963. |
||
| 300 |
_a344 p. : _bil. ; _c23 cm. |
||
| 490 | 1 | _aCultura histórica | |
| 650 | 4 |
_aSociedades secretas- _vHistoria. _9147832 |
|
| 700 | 1 |
_aBittini, Eduardo. _929030 |
|
| 830 | 1 |
_aCultura histórica _9182395 |
|
| 852 | 4 |
_aES-MaACL _jC-24812 |
|
| 852 | 4 |
_aES-MaACL _jE-5871 |
|
| 999 |
_c81598 _d81598 |
||